| 000 -LEADER |
| fixed length control field |
00722cam a2200229 a 4500 |
| 020 ## - INTERNATIONAL STANDARD BOOK NUMBER |
| ISBN |
9789995052140 |
| 020 ## - INTERNATIONAL STANDARD BOOK NUMBER |
| ISBN |
9995052148 |
| 040 ## - CATALOGING SOURCE |
| Transcribing agency |
CUS |
| 082 ## - DEWEY DECIMAL CLASSIFICATION NUMBER |
| Classification number |
333 CAM 2006 A065 Or. |
| 100 1# - MAIN ENTRY--AUTHOR NAME |
| Personal name |
Hansen, Kasper K. |
| 245 10 - TITLE STATEMENT |
| Title |
Natural forest benefits and economic analysis of natural forest conversion in Cambodia / |
| 246 17 - VARYING FORM OF TITLE |
| Title proper/short title |
Natural forest conversion in Cambodia |
| 260 ## - PUBLICATION, DISTRIBUTION, ETC. (IMPRINT) |
| Place of publication |
Phnom Penh : |
| Name of publisher |
Cambodia Development Resource Institute, |
| Year of publication |
[2006] |
| 300 ## - PHYSICAL DESCRIPTION |
| Number of Pages |
117 p. : |
| Other physical details |
ill. (some col.), col. map ; |
| Dimensions |
30 cm. |
| 490 1# - SERIES STATEMENT |
| Series statement |
Working paper, |
| 500 ## - GENERAL NOTE |
| General note |
"December 2006." |
| 650 #0 - SUBJECT ADDED ENTRY--TOPICAL TERM |
| Topical Term |
Forests and forestry |
| 650 #0 - SUBJECT ADDED ENTRY--TOPICAL TERM |
| Topical Term |
Forest conservation |
| 650 #0 - SUBJECT ADDED ENTRY--TOPICAL TERM |
| Topical Term |
Forest management |
| 700 1# - ADDED ENTRY--PERSONAL NAME |
| Personal name |
Top, Neth. |
| 942 ## - ADDED ENTRY ELEMENTS (KOHA) |
| Koha item type |
សៀវភៅភាសាអង់គ្លេស |
| 952 ## - LOCATION AND ITEM INFORMATION (KOHA) |
| Withdrawn status [LOCAL, KOHA] |
0 |